Reisebilder (Record no. 155200)

MARC details
000 -LEADER
campo de control de longitud fija 00855nam a22002175i 4500
001 - NÚMERO DE CONTROL
campo de control 155200
003 - IDENTIFICADOR DE NÚMERO DE CONTROL
campo de control ES-MaACL
005 - FECHA Y HORA DE LA ÚLTIMA TRANSACCIÓN
campo de control 20250805064138.0
008 - DATOS DE LONGITUD FIJA--INFORMACIÓN GENERAL
campo de control de longitud fija 040727s1856 fr |||| | fre d
040 ## - FUENTE DE CATALOGACIÓN
Centro catalogador/agencia de origen CAM
Lengua de catalogación spa
Centro/agencia transcriptor CAM
100 1# - ENTRADA PRINCIPAL--NOMBRE DE PERSONA
Nombre de persona Heine, Heinrich.
9 (RLIN) 62371
245 10 - MENCIÓN DEL TÍTULO
Título Reisebilder
Resto del título : tableaux de voyage /
Mención de responsabilidad, etc. par Henri Heine; précédé d'une étude sur H. Heine par Théophile Gautier.
250 ## - MENCION DE EDICION
Mención de edición Nouvelle éd. rev., cons. augm. et orn. d'un portrait de l'auteur.
260 ## - PUBLICACIÓN, DISTRIBUCIÓN, ETC.
Lugar de publicación, distribución, etc. Paris :
Nombre del editor, distribuidor, etc. Michel Lévy Frères,
Fecha de publicación, distribución, etc. 1856 (
Fabricante Imprimerie de J. Claye)
300 ## - DESCRIPCIÓN FÍSICA
Extensión 2 v. (382; 375 p. ;
Dimensiones 18 cm.
490 1# - MENCIÓN DE SERIE
Mención de serie Oeuvres complètes de Henri Heine
700 11 - ENTRADA AGREGADA--NOMBRE PERSONAL
Nombre de persona Gautier, Théophile,
Fechas asociadas al nombre 1811-1872
Término indicativo de función/relación
9 (RLIN) 170960
830 0# - PUNTO DE ACCESO ADICIONAL DE SERIE-TÍTULO UNIFORME
Título uniforme Oeuvres complètes de Henri Heine
9 (RLIN) 187928
852 ## - LOCALIZACIÓN
Ubicación ES-MaACL
Número de control de estantería C-679-680
Nota libre -- Enc. hol.
Holdings
Estatus retirado Estado de pérdida Estado de daño No para préstamo Colección Biblioteca de origen Biblioteca actual Ubicación en estantería Fecha de adquisición Fuente de adquisición Total de préstamos Signatura topográfica completa Código de barras Visto por última vez Precio de reemplazo Tipo de ítem Koha
        Libros del s. XIX Biblioteca del Ateneo de Madrid Biblioteca del Ateneo de Madrid Sala Palomar 17/01/2008     C-679-680 1162347 23/02/2023 23/02/2023 Libro impreso antiguo